000 00315nam a22001337a 4500
003 SGT
020 _a978-0-340-92889--
082 _a616.89
_bC15D
100 _aDAVEY, GRAHM
245 _aCLINICAL PSYCHOLOGY TOPICS IN APPLIED PSYCHOLOGY
260 _aLONDON
_bROUTLEDGE
_c2015
300 _a275
942 _2ddc
_cBK
999 _c18103
_d18103